| 000 | 00718cam a2200205 4500 | ||
|---|---|---|---|
| 001 | J105652 | ||
| 008 | 000000n2000 000 0 eng u | ||
| 035 | _a(Sirsi) u105652 | ||
| 110 |
_aRoyal Institution of Chartered Surveyors _94900 |
||
| 245 | _aLeases : Implementation of a new approach : comments from the Royal Institution of Chartered Surveyors and the Investment Property Forum. | ||
| 260 |
_aLondon _bRICS _c2000 |
||
| 300 | _a23p. ; 30cm. | ||
| 490 | _aRICS Policy Unit Submission | ||
| 650 | _aLEASES | ||
| 650 | _aACCOUNTING STANDARDS BOARD | ||
| 650 | _aABOUT RICS-RELATED ORGANISATIONS-INVESTMENT PROPERTY FORUM | ||
| 650 | _aLEASE REFORM | ||
| 690 | _aLANDLORD AND TENANT-LEASES | ||
| 942 | _n0 | ||
| 999 |
_c100464 _d100464 |
||